[Event "UKR-ch Rapid 92nd"]
[Site "Lvov"]
[Date "2024.12.23"]
[Round "7"]
[White "Snigurov, Maxim"]
[Black "Brodsky, Michail"]
[Result "0-1"]
[WhiteElo "2244"]
[BlackElo "2524"]
[PlyCount "86"]
[EventDate "2024.12.23"]
[EventType "swiss (rapid)"]
[EventRounds "9"]
[EventCountry "UKR"]
[SourceTitle "CB52_2024"]
[SourceDate "2024.12.25"]
[SourceVersion "1"]
[SourceVersionDate "2024.12.25"]
[SourceQuality "1"]

1. e4 c5 2. Be2 Nc6 3. f4 g6 4. Nf3 Bg7 5. 0-0 d6 6. a4 e6 7. c3 Nge7 8. d4 b6 9. Be3 0-0 10. Nbd2 cxd4 11. cxd4 Nb4 12. Qb3 a5 13. Rfc1 Ba6 14. Bxa6 Rxa6 15. Bf2 d5 16. e5 Qd7 17. Rc3 Rc8 18. Rac1 Raa8 19. Nb1 b5 20. axb5 Qxb5 21. Na3 Qd7 22. Be1 Rxc3 23. bxc3 Nd3 24. Rd1 a4 25. Qc2 Nxe1 26. Nxe1 Bf8 27. Ra1 Nc8 28. g4 Nb6 29. Qb2 Qc6 30. Nd3 Rc8 31. Nb1 Nc4 32. Qe2 a3 33. h4 Rb8 34. h5 Qb5 35. Kf2 Qb3 36. hxg6 hxg6 37. f5 Bh6 38. fxg6 fxg6 39. g5 Bxg5 40. Kg3 Ne3 41. Nxa3 Qxc3 42. Ra2 Qxd4 43. Nc2 Qh4+ 0-1

[Event "UKR-ch 92nd"]
[Site "Lvov"]
[Date "2024.12.18"]
[Round "5"]
[White "Oleksienko, Mikhailo"]
[Black "Snigurov, Maxim"]
[Result "1-0"]
[WhiteElo "2570"]
[BlackElo "2244"]
[PlyCount "111"]
[EventDate "2024.12.14"]
[EventType "swiss"]
[EventRounds "9"]
[EventCountry "UKR"]
[SourceTitle "CB52_2024"]
[SourceDate "2024.12.25"]
[SourceVersion "1"]
[SourceVersionDate "2024.12.25"]
[SourceQuality "1"]

1. d4 g6 2. e4 Bg7 3. Nc3 d5 4. Nxd5 c6 5. Ne3 Qxd4 6. Qxd4 Bxd4 7. Nf3 Bg7 8. a4 Nf6 9. Nd2 0-0 10. a5 Be6 11. f4 Rd8 12. Be2 Na6 13. Bf3 Nc5 14. g4 Rd4 15. f5 Bh6 16. Ke2 Bc8 17. c3 Rd8 18. h4 Bxe3 19. Kxe3 h5 20. g5 Ng4+ 21. Bxg4 hxg4 22. b4 Nd3 23. Rf1 Ne5 24. Kf4 f6 25. Nb3 Rd3 26. Nc5 Rh3 27. Be3 Rxh4 28. gxf6 exf6 29. Bd4 gxf5 30. Bxe5 g3+ 31. Kxg3 Rg4+ 32. Kh3 fxe5 33. exf5 Rc4 34. Rae1 Rxc3+ 35. Kh4 b6 36. Ne4 Rd3 37. Ng5 Bd7 38. f6 Rf8 39. Rxe5 Rd6 40. Re7 Rfxf6 41. Rxf6 Rxf6 42. Rxd7 bxa5 43. bxa5 a6 44. Kg4 Rf1 45. Ra7 c5 46. Ra8+ Kg7 47. Ne6+ Kg6 48. Nxc5 Kf7 49. Ra7+ Kf6 50. Rxa6+ Ke5 51. Rb6 Kd5 52. Nb3 Rf2 53. a6 Rf7 54. Rb7 Rf6 55. a7 Ra6 56. Rb5+ 1-0

[Event "Lvov Buturina Memorial 2nd"]
[Site "Lvov"]
[Date "2022.11.19"]
[Round "5"]
[White "Karpinets, Andrian"]
[Black "Snigurov, Maxim"]
[Result "1-0"]
[WhiteElo "1370"]
[BlackElo "2251"]
[PlyCount "75"]
[EventDate "2022.11.18"]
[EventType "swiss (rapid)"]
[EventRounds "9"]
[EventCountry "UKR"]
[SourceTitle "CBM 212 Extra"]
[Source "ChessBase"]
[SourceDate "2023.03.31"]
[SourceVersion "1"]
[SourceVersionDate "2023.03.31"]
[SourceQuality "1"]

1. e4 e5 2. Nf3 Nc6 3. Bc4 Bc5 4. c3 Nf6 5. d4 exd4 6. e5 d5 7. Bb5 Ne4 8. cxd4 Bb4+ 9. Bd2 Nxd2 10. Nbxd2 0-0 11. a3 Ba5 12. b4 Bb6 13. Bxc6 bxc6 14. 0-0 a5 15. Nb3 axb4 16. axb4 Bg4 17. Qd3 Qe7 18. Nc5 Rfb8 19. Nd2 g6 20. h3 Bf5 21. Qc3 Bxc5 22. bxc5 Qg5 23. f4 Qh4 24. g4 Bc8 25. Kg2 Ba6 26. Rf2 Qd8 27. Nf3 Bc4 28. Rxa8 Rxa8 29. f5 Rb8 30. Qe3 Qf8 31. e6 gxf5 32. gxf5 f6 33. Kh2 Kh8 34. Rg2 Rb3 35. Ne5 Qg7 36. Nf7+ Kg8 37. Rxg7+ Kxg7 38. Qh6+ 1-0

[Event "Odessa Region-ch"]
[Site "Odessa"]
[Date "2019.06.16"]
[Round "2"]
[White "Sabuk, Piotr"]
[Black "Snigurov, Maxim"]
[Result "1/2-1/2"]
[WhiteElo "2400"]
[BlackElo "2259"]
[PlyCount "44"]
[EventDate "2019.06.15"]
[EventType "tourn"]
[EventRounds "11"]
[EventCountry "UKR"]
[EventCategory "7"]
[SourceTitle "CBM 191 Extra"]
[Source "ChessBase"]
[SourceDate "2019.09.30"]
[SourceVersion "1"]
[SourceVersionDate "2019.09.30"]
[SourceQuality "1"]

1. d4 Nf6 2. c4 e6 3. Nf3 d5 4. g3 dxc4 5. Bg2 c5 6. 0-0 Nc6 7. dxc5 Bxc5 8. Qxd8+ Kxd8 9. Nbd2 Ke7 10. Nxc4 Rd8 11. b3 Bd7 12. Bb2 Rac8 13. Rfd1 Be8 14. Ne1 b5 15. Ne3 Bd4 16. Nd3 Bxb2 17. Nxb2 Nd4 18. Kf1 Nc2 19. Nxc2 Rxc2 20. Rxd8 Kxd8 21. Nd3 a5 22. b4 axb4 1/2-1/2

[Event "UKR-ch sf"]
[Site "Omelnyk"]
[Date "2018.10.26"]
[Round "1"]
[White "Kovchan, Alexander"]
[Black "Snigurov, Maxim"]
[Result "1-0"]
[WhiteElo "2579"]
[BlackElo "2161"]
[PlyCount "63"]
[EventDate "2018.10.26"]
[EventType "swiss"]
[EventRounds "9"]
[EventCountry "UKR"]
[SourceTitle "CBM 187 Extra"]
[Source "ChessBase"]
[SourceDate "2018.11.04"]
[SourceVersion "1"]
[SourceVersionDate "2018.11.04"]
[SourceQuality "1"]

1. e4 e5 2. Nf3 Nc6 3. Bb5 a6 4. Ba4 Nf6 5. 0-0 Nxe4 6. d4 b5 7. Bb3 d5 8. dxe5 Be6 9. Nbd2 Nc5 10. c3 d4 11. Bxe6 Nxe6 12. cxd4 Ncxd4 13. a4 Qd5 14. axb5 axb5 15. Rxa8+ Qxa8 16. Nxd4 Nxd4 17. Nb3 Ne6 18. Qd3 Qc6 19. Na5 Qd7 20. Qf3 Be7 21. Rd1 Nd4 22. Qa8+ Bd8 23. Qe4 c5 24. Nb7 Ne2+ 25. Qxe2 Qxb7 26. e6 0-0 27. Rd7 Qc8 28. Bf4 fxe6 29. Qxe6+ Kh8 30. Be5 Bf6 31. Bxf6 Rxf6 32. Qe7 1-0

[Event "Lutsk Nebesna Sotnya Memorial blitz"]
[Site "Lutsk"]
[Date "2018.02.16"]
[Round "3"]
[White "Snigurov, Maxim"]
[Black "Bortnyk, Mykola"]
[Result "0-1"]
[WhiteElo "2068"]
[BlackElo "2432"]
[PlyCount "56"]
[EventDate "2018.02.16"]
[EventType "swiss (blitz)"]
[EventRounds "15"]
[EventCountry "UKR"]
[SourceTitle "CBM 182 Extra"]
[Source "ChessBase"]
[SourceDate "2018.02.23"]
[SourceVersion "1"]
[SourceVersionDate "2018.02.23"]
[SourceQuality "1"]

1. e4 Nf6 2. e5 Nd5 3. c4 Nb6 4. a4 d6 5. a5 N6d7 6. e6 fxe6 7. d4 e5 8. Bd3 g6 9. h4 Nf6 10. h5 e4 11. Be2 Bg7 12. Nc3 Nc6 13. a6 bxa6 14. g4 gxh5 15. g5 Ng4 16. Rxh5 Qd7 17. Be3 Rb8 18. Qd2 Qf5 19. Nh3 e5 20. dxe5 Bxe5 21. Nf4 Nxe3 22. fxe3 Qf7 23. Rh6 Qg7 24. Qd5 Ne7 25. Qa5 Qxg5 26. Qxc7 Rb7 27. Rh5 Qg3+ 28. Kd2 Rxc7 0-1